3 indices pour un nom propre (1) - Statistiques

Statistiques générales
  • Ce quiz a été pris 201 fois
  • Le résultat moyen est 13 sur 25
Statistiques - réponses
Indice 1 Indice 2 Indice 3 Réponse % Correct
Kangourou Outbback Canberra Australie
85%
Arouet Zadig Lumières Voltaire
80%
Thriller Gary King of pop Michael Jackson
76%
Naples Pompéi Volcan Vésuve
74%
Néerlandais Tournesols Arles Vincent Van Gogh
74%
Gares Banque Jeu Monopoly
72%
Judo Champion Guadeloupe Teddy Riner
72%
Vienne Bleu ? Fleuve Danube
65%
Zep Tchô Garçon Titeuf
65%
Cabaret Paris Film Moulin rouge
62%
Pruneau Garonne Caprais Agen
58%
Blair 1984 Ferme des animaux George Orwell
58%
Assassin Colonel Chandelier Cluedo
54%
Légumes Alexandre Skopje Macédoine
54%
Hamidou Chti K-Way Dany Boon
53%
Canal Chapeau Balboa Panama
49%
Jarnac Chateau-Chinon Président François Mitterrand
48%
Gala Surréaliste Figueras Salvador Dali
48%
Encyclopédie Site Wales Wikipedia
38%
Bretagne Espagne Zitrone Léon
35%
Vin Valparaiso Andes Chili
32%
Gerbier de jonc Nevers Saumur Loire
22%
Vignerons Bixente 22 janvier Vincent
21%
Jeu France 3 Rose des vents Carte au trésor
20%
Van Hamme Thriller L'Heritier Largo Winch
13%
Aucun quiz correspondant
Distribution des résultats
% des personnes avec chaque résultat
Percentile par nombre de réponses
Votre historique - résultats
Vous n’avez pas pris ce quiz